000 00279nam a2200121 a 4500
008 101210s1959|||| d
100 1 _aSollertinskij, I.I.
245 1 0 _aMajstri a diela
260 _bSVKL
_c1959
_aBratislava
020 _c6,90
041 _aslo
044 _axo
_cSK
999 _c15124
_d15124